000 00890nam a2200205Ia 4500
003 GCL
008 140319s9999 xx 000 0 ara d
040 _aGCL /
_cGCL
082 0 4 _aط
_b813.087
_bك أ
100 1 _aكامل كيلانى
245 1 0 _aاشهر القصص: جلفر الرحلة الاولى فى بلاد الاقزام-جلفر الرحلة الثانية فى بلاد العمالقة-جلفرالرحلة الثالثة فى الجزيرة الطيارة-جلفر الرحلة الرابعة فى جزيرة الجياد الناطقة /
_cكامل كيلانى
260 _aالقاهرة :
_bدار المعارف ،
_c0
300 _aمتعدد ؛
_c23سم
490 _aاشهر القصص
_v0
650 0 4 _aقصص الاطفال
650 0 4 _aالقصص الخرافية
650 0 4 _aالقصص الشعبية
650 0 4 _aاطفال
942 _2ddc
_cBK
999 _c56363
_d56363